Kum Saatinde Kumkapı : Öykü (Record no. 3494)

000 -LEADER
fixed length control field 00415nam a22001577a 4500
008 - FIXED-LENGTH DATA ELEMENTS--GENERAL INFORMATION
fixed length control field 190701b ||||| |||| 00| h eng d
020 ## - INTERNATIONAL STANDARD BOOK NUMBER
International Standard Book Number 9757265292
041 ## - LANGUAGE CODE
Language code of text/sound track or separate title Türkçe
050 ## - LIBRARY OF CONGRESS CALL NUMBER
Classification number PL248.C422
100 ## - MAIN ENTRY--PERSONAL NAME
Personal name Çelik, Jaklin
9 (RLIN) 1278
245 ## - TITLE STATEMENT
Title Kum Saatinde Kumkapı : Öykü
260 ## - PUBLICATION, DISTRIBUTION, ETC.
Place of publication, distribution, etc. İstanbul:
Name of publisher, distributor, etc. Aras Yayıncılık,
Date of publication, distribution, etc. Ağustos 2000
300 ## - PHYSICAL DESCRIPTION
Extent 105 Sayfa
650 #0 - SUBJECT ADDED ENTRY--TOPICAL TERM
9 (RLIN) 145
Topical term or geographic name entry element Türk Edebiyatı
942 ## - ADDED ENTRY ELEMENTS (KOHA)
Source of classification or shelving scheme
Koha item type Books
Holdings
Withdrawn status Lost status Source of classification or shelving scheme Damaged status Not for loan Permanent Location Current Location Shelving location Date acquired Full call number Barcode Date last seen Price effective from Koha item type
        Ödünç verilemez İmren Ahmet Tüzün Kütüphanesi İmren Ahmet Tüzün Kütüphanesi Ahmet Tüzün 2019-07-01 PL248.C422 100100003584 2019-07-01 2019-07-01 Books

This software was implemented, installed and managed by Devinim Software Training Consulting .